Catálogo
 En Linea

Manual de derecho penal y procesal penal de la República Dominicana : (Registro nro. 53415)

Detalles MARC
000 -CABECERA
campo de control de longitud fija 01015nam a2200253 i 4500
001 - NÚMERO DE CONTROL
campo de control 000038604
003 - IDENTIFICADOR DEL NÚMERO DE CONTROL
campo de control DO-SdBNP
005 - FECHA Y HORA DE LA ÚLTIMA TRANSACCIÓN
campo de control 20240229073823.0
007 - CAMPO FIJO DE DESCRIPCIÓN FÍSICA--INFORMACIÓN GENERAL
campo de control de longitud fija ta
008 - DATOS DE LONGITUD FIJA--INFORMACIÓN GENERAL
campo de control de longitud fija 130416s2022 dr 000 0 spa d
040 ## - FUENTE DE LA CATALOGACIÓN
Centro catalogador/agencia de origen DO-SdBNP
Lengua de catalogación spa
Centro/agencia transcriptor BNPHU
Normas de descripción rda
082 #4 - NÚMERO DE LA CLASIFICACIÓN DECIMAL DEWEY
Número de edición 22
Número de documento/Ítem A973m
100 1# - ENTRADA PRINCIPAL--NOMBRE DE PERSONA
Nombre de persona Subero Isa, Jorge A.,
Fechas asociadas al nombre 1947-
9 (RLIN) 76863
245 10 - MENCIÓN DE TÍTULO
Título Manual de derecho penal y procesal penal de la República Dominicana :
Resto del título los procedimientos judiciales ante los tribunales penales segun el tipo de infracción : un verdadero manual para el abogado, hecho actualizado y perfeccionado para su ejercicio profesional, teorico y práctico /
Mención de responsabilidad, etc. Alejandro Ayala Cordero
264 ## - PRODUCCIÓN, PUBLICACIÓN, DISTRIBUCIÓN, FABRICACIÓN Y COPYRIGHT
Producción, publicación, distribución, fabricación y copyright Santo Domingo :
Nombre del de productor, editor, distribuidor, fabricante [sin nombre],
Fecha de producción, publicación, distribución, fabricación o copyright 2022
300 ## - DESCRIPCIÓN FÍSICA
Extensión 1185 paginas ;
Dimensiones 29 cm.
336 ## - TIPO DE CONTENIDO
Fuente rdacontent
Término de tipo de contenido texto
Código de tipo de contenido txt
337 ## - TIPO DE MEDIO
Fuente rdamedia
Nombre/término del tipo de medio sin mediación
Código del tipo de medio n
338 ## - TIPO DE SOPORTE
Fuente rdacarrier
Nombre/término del tipo de soporte volumen
Código del tipo de soporte nc
590 ## - NOTA LOCAL (RLIN)
Nota local Inventariado, 2023 / DG
650 4# - PUNTO DE ACCESO ADICIONAL DE MATERIA--TÉRMINO DE MATERIA
Término de materia o nombre geográfico como elemento de entrada Derecho civil
Subdivisión general Legislación
Subdivisión geográfica República Dominicana
9 (RLIN) 6943
910 ## - DATOS DE OPCIÓN DEL USUARIO (OCLC)
Datos de opción del usuario DG
942 ## - ELEMENTOS DE PUNTO DE ACCESO ADICIONAL (KOHA)
Fuente del sistema de clasificación o colocación Dewey Decimal Classification
Tipo de ítem Koha Libro
Existencias
Estado de retiro Estado de pérdida Fuente del sistema de clasificación o colocación Restricciones de uso No para préstamo Código de colección Localización permanente Ubicación/localización actual Ubicación en estantería Fecha de adquisición Total de préstamos Signatura topográfica completa Código de barras Fecha visto por última vez Precio válido a partir de Tipo de ítem Koha Número de copia
    Dewey Decimal Classification Excluido de préstamo   Patrimonio Dominicano Biblioteca Nacional Pedro Henríquez Ureña Biblioteca Nacional Pedro Henríquez Ureña En catalogación 04.05.2023   BNPHU PD A973m 2023-1580 04.05.2023 04.05.2023 Libro  
    Dewey Decimal Classification Excluido de préstamo   Patrimonio Dominicano Biblioteca Nacional Pedro Henríquez Ureña Biblioteca Nacional Pedro Henríquez Ureña En catalogación 04.05.2023   BNPHU PD A973m 2023-1581 04.05.2023 04.05.2023 Libro e.2
    Dewey Decimal Classification Préstamo en sala   Dominicana de Servicio Biblioteca Nacional Pedro Henríquez Ureña Biblioteca Nacional Pedro Henríquez Ureña En catalogación 04.05.2023   BNPHU DS A973m 2023-1582 04.05.2023 04.05.2023 Libro e.3

Con tecnología Koha